Victoire du Top 14 depuis 2005 - Statistiques

Statistiques générales
  • Ce quiz a été pris 347 fois
    84 depuis la dernière actualisation
  • Le résultat moyen est 18 sur 21
Statistiques - réponses
Année Equipe % Correct
2008 Stade Toulousain
100%
2011 Stade Toulousain
100%
2012 Stade Toulousain
100%
2019 Stade Toulousain
100%
2021 Stade Toulousain
100%
2023 Stade Toulousain
100%
2024 Stade Toulousain
100%
2025 Stade Toulousain
100%
2007 Stade Français Paris
94%
2015 Stade Français Paris
94%
2010 ASM Clermont Auvergne
90%
2017 ASM Clermont Auvergne
90%
2014 RC Toulon
90%
2016 Racing 92
83%
2022 Montpellier Herault Rugby
77%
2013 Castres Olympique
74%
2018 Castres Olympique
74%
2009 USA Perpignan
67%
2020 Union Bordeaux Bègles
62%
2005 Biarritz Olympique
55%
2006 Biarritz Olympique
55%
Aucun quiz correspondant
Distribution des résultats
% des personnes avec chaque résultat
Percentile par nombre de réponses
Votre historique - résultats
Vous n’avez pas pris ce quiz depuis la dernière actualisation